Guinea Pig Knowledge - Statistics

General Stats
  • This quiz has been taken 83 times
  • The average score is 8 of 14
Answer Stats
Hint Answer % Correct
Guinea pigs only eat plants, meaning they're what? Herbivores
88%
What part of the guinea pig mainly consisting of enamel never stops growing? Teeth
81%
What order are guinea pigs in along with beavers, rats, and chipmunks? Rodentia
71%
What is the name for a male guinea pig? Boar
69%
What is the most widely used hay for guinea pigs? Timothy
69%
What is the name of the hairless breed of guinea pig? Skinny
66%
What is a baby guinea pig is called? Pup
62%
What is the name for a female guinea pig? Sow
62%
What is the most popular pet guinea pig breed? American
58%
From what mountain range do guinea pigs originate? Andes
58%
What queen owned a guinea pig in 1580, which helped launch the popularity of guinea pigs? Queen {Elizabeth I}
58%
Which U.S. president owned five guinea pigs? Theodore Roosevelt
45%
What is the scientifical name for the guinea pig? Cavia {porcellus}
26%
What is a group of guinea pigs called? Muddle
4%
No matching quizzes found
Score Distribution
Percent of People with Each Score
Percentile by Number Answered
Your Score History
You have not taken this quiz